Catálogo público

Producción porcina / (Record no. 165782)

MARC details
000 -CABECERA
campo de control de longitud fija 01303nam a2200373Ia 4500
001 - NÚMERO DE CONTROL
campo de control Z_2721
003 - IDENTIFICADOR DEL NÚMERO DE CONTROL
campo de control CHAP
008 - DATOS DE LONGITUD FIJA--INFORMACIÓN GENERAL
campo de control de longitud fija 220113s1981 xx 000 0 und d
010 ## - NÚMERO DE CONTROL DE LA BIBLIOTECA DEL CONGRESO
Número de control de LC 165782
020 ## - NÚMERO INTERNACIONAL ESTÁNDAR DEL LIBRO
Número Internacional Estándar del Libro 0-13-879783-8 (obra original) \ 968-26-022-9 (obra en español)
040 ## - FUENTE DE LA CATALOGACIÓN
Centro/agencia transcriptor CHAP
082 ## - NÚMERO DE LA CLASIFICACIÓN DECIMAL DEWEY
Número de clasificación 636.4 B85
100 ## - ENTRADA PRINCIPAL--NOMBRE DE PERSONA
Nombre de persona Bundy, Clarence E.
9 (RLIN) 16074
240 ## - TÍTULO UNIFORME
Título uniforme Swine production
245 ## - MENCIÓN DE TÍTULO
Título Producción porcina /
Mención de responsabilidad, etc. Clarence E. Bundy, Ronald V. Diggins y Virgil W. Christensen; traductor Manuel Barberan Roda
250 ## - MENCIÓN DE EDICIÓN
Mención de edición Reimpresion
260 ## - PUBLICACIÓN, DISTRIBUCIÓN, ETC.
Lugar de publicación, distribución, etc. México :
Nombre del editor, distribuidor, etc. CECSA,
Fecha de publicación, distribución, etc. 1981
300 ## - DESCRIPCIÓN FÍSICA
Extensión 430 p.
500 ## - NOTA GENERAL
Nota general Traduccion de la obra en íngles: Swine production. La biblioteca cuenta con la 2a reimpresion de 1982 y 4a reimpresion de 1984
503 ## - NOTA DE HISTORIA BIBLIOGRÁFICA (BK CF MU) [OBSOLETO]
Nota de historia bibliográfica ej.1: s/n \ ej.2: 130885
504 ## - NOTA DE BIBLIOGRAFÍA, ETC.
Nota de bibliografía, etc. Incluye bibliografía e índice
650 ## - PUNTO DE ACCESO ADICIONAL DE MATERIA--TÉRMINO DE MATERIA
Término de materia o nombre geográfico como elemento de entrada Ganado porcino
9 (RLIN) 45328
650 ## - PUNTO DE ACCESO ADICIONAL DE MATERIA--TÉRMINO DE MATERIA
Término de materia o nombre geográfico como elemento de entrada Ganado porcino
Subdivisión general Producción
9 (RLIN) 45399
650 ## - PUNTO DE ACCESO ADICIONAL DE MATERIA--TÉRMINO DE MATERIA
Término de materia o nombre geográfico como elemento de entrada Ganado porcino
Subdivisión general RazasGanado porcino
-- ReproducciónGanado porcino
-- Alimentación
9 (RLIN) 139801
700 ## - PUNTO DE ACCESO ADICIONAL--NOMBRE DE PERSONA
Nombre de persona Barberan Roda, Manuel, tr.
9 (RLIN) 139802
700 ## - PUNTO DE ACCESO ADICIONAL--NOMBRE DE PERSONA
Nombre de persona Christensen, Virgil W., coaut.
9 (RLIN) 139803
700 ## - PUNTO DE ACCESO ADICIONAL--NOMBRE DE PERSONA
Nombre de persona Diggins, Ronald V., coaut.
9 (RLIN) 139804
901 ## - ELEMENTOS DE DATOS A LOCAL LDA (RLIN)
a 636.4 B85
902 ## - ELEMENTOS DE DATOS B LOCAL, LDB (RLIN)
a M
910 ## - DATOS DE OPCIÓN DEL USUARIO (OCLC)
Datos de opción del usuario 1981
942 ## - ELEMENTOS DE PUNTO DE ACCESO ADICIONAL (KOHA)
Tipo de ítem Koha Libro_
942 ## - ELEMENTOS DE PUNTO DE ACCESO ADICIONAL (KOHA)
Tipo de ítem Koha
Holdings
Estado de retiro Estado de pérdida Fuente del sistema de clasificación o colocación Estado dañado No para préstamo Código de colección Localización permanente Ubicación/localización actual Ubicación en estantería Fecha de adquisición Código de barras Fecha visto por última vez Número de copia Precio válido a partir de Tipo de ítem Koha
    Dewey Decimal Classification     General Zootecnia Zootecnia   09/11/2005 z_4520 18/01/2022 1 18/01/2022 Libro
    Dewey Decimal Classification     General Zootecnia Zootecnia   14/11/2013 z_6170 18/01/2022 2 18/01/2022 Libro